000 00487cam a2200193ua 4500
001 1266
008 110624n ii |||gr||||Z||||||eng
020 _a81-7096-622-8
040 _cMAIN
082 _a330.01
245 1 0 _aPrinciples of economics
_cby P.N. Chopra
250 _a6th ed.
260 _aLudhiana:
_bKalyani publishers,996.
300 _axxviii, 1050p.:
_bill.;
_c45cm.
653 _aEconomics
653 _aPrinciples of economics
700 1 _aChopra, P.N.,
942 _cBK
999 _c1167
_d1167